| 000 | 01176cab a2200349 4500 | ||
|---|---|---|---|
| 001 | ABS49352 | ||
| 008 | 090401t1993 xxu||||| |||| 00| 0 eng d | ||
| 035 | _a(Sirsi) u70992 | ||
| 041 | _aeng | ||
| 245 | _aWhat is privity of contract? | ||
| 260 | _c1993 | ||
| 350 | _a0 | ||
| 490 |
_aEstates Gazette _v(9337) 18 September 1993, 143-146(3) |
||
| 520 | _aThis "Mainly for Students" article on privity of contract looks at the extent of liability, assignees indemnity and suggestions for reforming the existing system. Case law. | ||
| 650 | _aALLIED MAPLES GROUP LTD V SIMMONS AND SIMMONS | ||
| 650 | _aASSIGNMENT | ||
| 650 | _aCITY OF LONDON CORPORATION V FELL | ||
| 650 | _aGAS MANAGEMENT LTD V TEXAS HOMECARE LTD | ||
| 650 | _aHEALING RESEARCH TRUSTEE CO LTD | ||
| 650 | _aHERBERT DUNCAN LTD V CLUTTONS | ||
| 650 | _aLAW COMMISSION | ||
| 650 | _aLEASES | ||
| 650 | _aLIABILITY | ||
| 650 | _aMOULE V GARETT | ||
| 650 | _aORIGINAL TENANT LIABILITY | ||
| 650 | _aPRIVITY OF CONTRACT | ||
| 650 | _aREFORM | ||
| 650 | _aRPH LTD V MIRROR GROUP (HOLDINGS) LTD | ||
| 690 | _aLANDLORD AND TENANT-LEASEHOLD REFORM | ||
| 942 | _n0 | ||
| 948 | _c04/03/1997 | ||
| 999 |
_c44728 _d44728 |
||